000 00723cam a22002411 4500
001 6881
003 BD-RjUL
005 20211208234330.0
008 120114s1953 xx ado 001 0 eng d
035 _a(BD-RjUL)6923
035 _a(OCoLC)1474877
040 _aDLC
_cFMU
_dDLC
_dBD-RjUL
_beng
041 _aeng
082 _a512.9
_bFRA 1953
100 1 _aFreilich, Julius.
_921609
245 1 0 _aAlgebra for problem solving /
_c Julius Freilich, Simon L. Berman [and] Elsie Parker Johnson.
260 _aBoston,
_bHoughton Mifflin
_cc1953
300 _a534 p.
_billus.
_c23 cm.
490 0 _aRiverside mathematics series.
650 0 _aAlgebra
_xProblems, exercises, etc.
_921610
942 _2ddc
_cBK
999 _c6881
_d6881